Introduction to coding theory (Record no. 4927)

000 -LEADER
fixed length control field 00445 a2200145 4500
020 ## - INTERNATIONAL STANDARD BOOK NUMBER
International Standard Book Number 1584884215
040 ## - CATALOGING SOURCE
Original cataloging agency DLC
Language of cataloging DLC
100 1# - MAIN ENTRY--PERSONAL NAME
Personal name Bierbrauer, Juergen.
245 10 - TITLE STATEMENT
Title Introduction to coding theory
Statement of responsibility, etc. Juergen Bierbrauer.
260 ## - PUBLICATION, DISTRIBUTION, ETC.
Place of publication, distribution, etc. Boca Raton, Fla. :
Name of publisher, distributor, etc. Chapman & Hall/CRC,
Date of publication, distribution, etc. c2005.
300 ## - PHYSICAL DESCRIPTION
Extent xxiii, 390 p. :
Other physical details ill. ;
Dimensions 24 cm.
440 #0 - SERIES STATEMENT/ADDED ENTRY--TITLE
Title Discrete mathematics and its applications.
650 #0 - SUBJECT ADDED ENTRY--TOPICAL TERM
Topical term or geographic name entry element Coding theory.
942 ## - ADDED ENTRY ELEMENTS (KOHA)
Koha item type Book
Call number prefix 003.54 BIE
Source of classification or shelving scheme
Holdings
Withdrawn status Lost status Damaged status Not for loan Collection code Permanent Location Current Location Shelving location Date acquired Source of acquisition Cost, normal purchase price Total Checkouts Full call number Barcode Date last seen Price effective from Koha item type
          Central Library (CL) Central Library (CL) First Floor - Computer Science 06/15/2005 Allied Book Company 4873.54   003.54 BIE SEECS005923 11/14/2012 01/05/2017 Book
          Central Library (CL) Central Library (CL) First Floor - Computer Science 03/25/2005 A&J Def Tek Consultant 5121.04   003.54 BIE SEECS005485 11/14/2012 01/05/2017 Book
© 2023 Central Library, National University of Sciences and Technology. All Rights Reserved.